000 00751nam a22002177a 4500
003 OSt
005 20251029005527.0
008 251029b |||||||| |||| 00| 0 eng d
020 _a978-971-06-5777-3
040 _aDWCL - Main Lin
_cOC
082 _22nd
_aRes. 170 F811p 2022
100 _aFrago, Ester V.
245 _aPagpapakatao 8 :
_bPaghuhubog ng pagkatao para sa pagtibay ng bansa /
_cEster V. Frago
250 _a2nd
260 _aQuezon Avenue, Quezon City, Philippines :
_bPhoenix Publishing House, Inc.,
_cc2022.
300 _axii , 200 pages :
_billustrations ;
_c25 cm.
650 _a1. Values Education
650 _a2. Values Education - Study and Teaching
700 _aJosephine C. Dango
942 _2ddc
_cBK-0 CIRC
_e2nd
_mRes.
_n0
999 _c5255
_d5255